[Event "4NCL 3 South pool B"]
[Site "Reading, ENG"]
[Date "2017.11.12"]
[Round "2.51"]
[White "Gregory, Andrew M"]
[Black "Thompson, Ian D"]
[Result "0-1"]
[WhiteElo "2014"]
[BlackElo "2173"]
[PlyCount "104"]
[EventDate "2017.11.12"]
[WhiteTeam "West is Best 3"]
[BlackTeam "CSC 1"]

1. g3 d5 2. Nf3 Bg4 3. Bg2 Nd7 4. d4 e6 5. c4 c6 6. Qb3 Qb6 7. Qxb6 axb6 8.
cxd5 exd5 9. Bf4 Ngf6 10. O-O Be7 11. Nbd2 O-O 12. a3 Rfe8 13. Rfe1 b5 14. Ne5
Be6 15. b4 Nb6 16. Nb3 Ne4 17. Na5 g5 18. Be3 Nd6 19. Bd2 f6 20. Nd3 Nbc4 21.
Bc3 Bd8 22. Nxc4 bxc4 23. Nb2 Nb5 24. Rec1 Bf5 25. e3 Rxa3 26. Rxa3 Nxa3 27.
Na4 Be7 28. Nc5 Nb5 29. Be1 Nd6 30. f3 Bf8 31. g4 Bc8 32. Kf2 f5 33. h3 Bg7 34.
Bc3 f4 35. e4 b6 36. Na4 dxe4 37. fxe4 Nxe4+ 38. Bxe4 Rxe4 39. Nxb6 Be6 40. Re1
Rxe1 41. Kxe1 Bf6 42. Kf2 Bd8 43. Na4 Kf7 44. Nc5 Bc8 45. Kf3 Kg6 46. Ne4 h5
47. Bd2 Be7 48. Nf2 Be6 49. Ne4 hxg4+ 50. hxg4 Bd5 51. Bc3 Kf7 52. Bd2 Ke8 0-1

[Event "4NCL 3 South pool B"]
[Site "Reading, ENG"]
[Date "2017.11.12"]
[Round "2.52"]
[White "Frostick, Clive A"]
[Black "Humphreys, Jerry G"]
[Result "1-0"]
[WhiteElo "2166"]
[BlackElo "1967"]
[PlyCount "61"]
[EventDate "2017.11.12"]
[WhiteTeam "CSC 1"]
[BlackTeam "West is Best 3"]

1. e4 c5 2. Nf3 e6 3. d3 Nc6 4. g3 d6 5. Bg2 Nf6 6. O-O Be7 7. Nbd2 O-O 8. c3
Bd7 9. Re1 Rc8 10. b3 b5 11. Bb2 Qb6 12. a3 e5 13. Nf1 b4 14. axb4 cxb4 15. c4
Bg4 16. Ne3 Bxf3 17. Qxf3 g6 18. Qd1 Bd8 19. Nc2 Na5 20. Ra4 Nc6 21. Bh3 Rc7
22. Qa1 Nd7 23. d4 exd4 24. Bxd7 Rxd7 25. Nxd4 Ne5 26. Qd1 Bf6 27. Kg2 Nc6 28.
Nxc6 Bxb2 29. Nxb4 Rb8 30. Re2 Bg7 31. c5 1-0

[Event "4NCL 3 South pool B"]
[Site "Reading, ENG"]
[Date "2017.11.12"]
[Round "2.53"]
[White "Davies, Matthew"]
[Black "Farrand, Tom"]
[Result "0-1"]
[WhiteElo "2006"]
[BlackElo "2145"]
[PlyCount "38"]
[EventDate "2017.11.12"]
[WhiteTeam "West is Best 3"]
[BlackTeam "CSC 1"]

1. d4 f5 2. c4 e6 3. g3 Nf6 4. Bg2 Be7 5. Nf3 d6 6. O-O O-O 7. Nc3 Ne4 8. Qc2
Nxc3 9. Qxc3 Bf6 10. Qc2 e5 11. dxe5 dxe5 12. Rd1 Qe8 13. b3 e4 14. Nd4 c5 15.
Nb5 Bxa1 16. Nc7 Qe7 17. Nxa8 Nc6 18. Ba3 Be5 19. Rd5 b6 0-1

[Event "4NCL 3 South pool B"]
[Site "Reading, ENG"]
[Date "2017.11.12"]
[Round "2.54"]
[White "Amato, Giampiero"]
[Black "Cayonlu, Arda"]
[Result "1-0"]
[WhiteElo "2114"]
[BlackElo "1907"]
[PlyCount "111"]
[EventDate "2017.11.12"]
[WhiteTeam "CSC 1"]
[BlackTeam "West is Best 3"]

1. e4 e5 2. Nf3 Nf6 3. Nxe5 d6 4. Nf3 Nxe4 5. d4 d5 6. Bd3 Bf5 7. O-O Be7 8. c4
dxc4 9. Bxc4 O-O 10. Nc3 Nd6 11. Bb3 Nc6 12. Nd5 Bg4 13. Re1 Bf6 14. Be3 Nf5
15. h3 Bxf3 16. Qxf3 Nfxd4 17. Nxf6+ Qxf6 18. Qxf6 gxf6 19. Ba4 b5 20. Bd1 Rfe8
21. Rc1 Re6 22. Bh5 Rae8 23. Red1 Nf5 24. Bf4 R8e7 25. Bg4 Nfd4 26. Be3 Re4 27.
Kh2 f5 28. Bh5 f4 29. Bd2 Ne5 30. Bb4 Ndf3+ 31. gxf3 Rxb4 32. Rc2 Rc4 33. Rdd2
Ng6 34. Bg4 Ne5 35. Kg2 Nxg4 36. fxg4 Rce4 37. Kf3 Ra4 38. a3 Kg7 39. Rd5 a6
40. Rg5+ Kf6 41. Rf5+ Kg7 42. Rc6 Re6 43. Rxe6 fxe6 44. Rxf4 Ra5 45. Ke4 Ra4+
46. Ke5 Rxf4 47. Kxf4 c5 48. Ke5 Kf7 49. Kd6 c4 50. f4 Kf6 51. Kc5 e5 52. f5 h6
53. Kd5 h5 54. Kc5 e4 55. Kd4 b4 56. axb4 1-0

[Event "4NCL 3 South pool B"]
[Site "Reading, ENG"]
[Date "2017.11.12"]
[Round "2.55"]
[White "Fowler, Hugo"]
[Black "Scrimgour, Alan"]
[Result "0-1"]
[WhiteElo "1921"]
[BlackElo "2070"]
[PlyCount "96"]
[EventDate "2017.11.12"]
[WhiteTeam "West is Best 3"]
[BlackTeam "CSC 1"]

1. e4 c5 2. c3 Nf6 3. e5 Nd5 4. d4 cxd4 5. cxd4 d6 6. exd6 e6 7. Nc3 Bxd6 8.
Nf3 O-O 9. Bd3 Nd7 10. O-O N7f6 11. Bg5 Be7 12. Re1 b6 13. Nxd5 Nxd5 14. Bxe7
Qxe7 15. Rc1 Bb7 16. Qa4 a6 17. a3 Rfc8 18. Be4 Nf4 19. Bxb7 Qxb7 20. Rc3 Rxc3
21. bxc3 b5 22. Qc2 Rc8 23. Qd2 Nd5 24. Rc1 Qc7 25. Ng5 Nxc3 26. Kh1 a5 27. Ne4
b4 28. axb4 axb4 29. Nxc3 bxc3 30. Qd3 Qc4 31. Qxc4 Rxc4 32. g3 Kf8 33. Kg2 Ke7
34. Kf3 Kd6 35. Ke3 c2 36. Kd3 Kd5 37. f3 f5 38. h3 g5 39. h4 gxh4 40. gxh4 h5
41. Rxc2 Rxc2 42. Kxc2 Kxd4 43. Kd2 f4 44. Ke2 Kc3 45. Ke1 Kd3 46. Kf2 Kd2 47.
Kg1 Ke3 48. Kg2 Ke2 0-1

[Event "4NCL 3 South pool B"]
[Site "Reading, ENG"]
[Date "2017.11.12"]
[Round "2.56"]
[White "Fegan, Chris"]
[Black "Jukes, Sam"]
[Result "1-0"]
[WhiteElo "2045"]
[BlackElo "1899"]
[PlyCount "59"]
[EventDate "2017.11.12"]
[WhiteTeam "CSC 1"]
[BlackTeam "West is Best 3"]

1. e4 e5 2. Nf3 Nf6 3. Bb5 a6 4. Ba4 Nc6 5. O-O b5 6. Bb3 Be7 7. Re1 d6 8. c3
Na5 9. Bc2 c5 10. d4 Qc7 11. h3 O-O 12. d5 c4 13. Nbd2 Bd7 14. Nf1 Rfc8 15. Ng3
Nb7 16. Nf5 Bxf5 17. exf5 Nc5 18. g4 e4 19. Nd4 Nd3 20. g5 Nxe1 21. Qxe1 Nd7
22. f6 Nxf6 23. Nf5 Re8 24. gxf6 Bxf6 25. Bf4 Be5 26. Qxe4 Bxf4 27. Qxf4 f6 28.
Kh2 Re5 29. Rg1 Kh8 30. Nxg7 1-0

[Event "4NCL 3 South pool B"]
[Site "Reading, ENG"]
[Date "2017.11.12"]
[Round "2.61"]
[White "Mihalik, Agoston"]
[Black "Healey, Michael W"]
[Result "1/2-1/2"]
[WhiteElo "2142"]
[BlackElo "2157"]
[PlyCount "83"]
[EventDate "2017.11.12"]
[WhiteTeam "Brown Jack 1"]
[BlackTeam "Oxford 2"]

1. e4 e5 2. Nf3 Nc6 3. d4 exd4 4. Bc4 Nf6 5. e5 d5 6. Bb5 Ne4 7. Nxd4 Bd7 8.
Bxc6 bxc6 9. O-O Bc5 10. f3 Ng5 11. f4 Ne4 12. Be3 f5 13. Nd2 Qe7 14. a3 Bxd4
15. Bxd4 c5 16. Bf2 Nxf2 17. Rxf2 Be6 18. Nf3 h6 19. b4 O-O 20. bxc5 Qxc5 21.
Nd4 Rae8 22. Rb1 Bc8 23. Rb5 Qxa3 24. Rxd5 Ba6 25. Nb3 Bc4 26. Rd7 Qb4 27. Rf3
Kh7 28. Qd2 Qb5 29. Qd4 Rf7 30. Rxf7 Bxf7 31. Rc3 Re7 32. Kf2 Bh5 33. Qe3 g5
34. Rc5 Qb4 35. fxg5 Qg4 36. Nd4 f4 37. Qe4+ Bg6 38. Qf3 Qh4+ 39. Kf1 Qxh2 40.
gxh6 Qh1+ 41. Kf2 Qh4+ 42. Kf1 1/2-1/2

[Event "4NCL 3 South pool B"]
[Site "Reading, ENG"]
[Date "2017.11.12"]
[Round "2.62"]
[White "Burrows, Nick"]
[Black "Truran, Michael C"]
[Result "1/2-1/2"]
[WhiteElo "2027"]
[BlackElo "2190"]
[PlyCount "44"]
[EventDate "2017.11.12"]
[WhiteTeam "Oxford 2"]
[BlackTeam "Brown Jack 1"]

1. d4 Nf6 2. c4 c5 3. d5 e5 4. Nc3 d6 5. e4 Be7 6. g3 O-O 7. Bg2 Ne8 8. Nge2
Nd7 9. O-O g6 10. Bh6 Ng7 11. Qd2 Nf6 12. h3 Kh8 13. Rae1 Ng8 14. Be3 f5 15. f4
Bf6 16. fxe5 Bxe5 17. Bf4 Re8 18. exf5 gxf5 19. b4 b6 20. bxc5 bxc5 21. Nb5 a6
22. Nbc3 Bd7 1/2-1/2

[Event "4NCL 3 South pool B"]
[Site "Reading, ENG"]
[Date "2017.11.12"]
[Round "2.63"]
[White "Hackett, Dave G"]
[Black "Alizada, Eldar"]
[Result "0-1"]
[WhiteElo "2114"]
[BlackElo "2050"]
[PlyCount "98"]
[EventDate "2017.11.12"]
[WhiteTeam "Brown Jack 1"]
[BlackTeam "Oxford 2"]

1. e4 e6 2. d4 d5 3. e5 c5 4. c3 Nc6 5. Nf3 Qb6 6. Bd3 cxd4 7. cxd4 Bd7 8. O-O
Nxd4 9. Nxd4 Qxd4 10. Nc3 a6 11. Qe2 Ne7 12. Kh1 Nc6 13. f4 Bc5 14. Bd2 Nb4 15.
Bb1 Ba7 16. a3 Nc6 17. Bd3 Qb6 18. f5 O-O-O 19. Rac1 Kb8 20. Bf4 Ka8 21. b4 Nd4
22. Qd1 Nb5 23. Na4 Qd4 24. fxe6 fxe6 25. Bxb5 Qxd1 26. Rfxd1 Bxb5 27. Nc5 Rde8
28. Nb3 Rhf8 29. Bg3 Be3 30. Rb1 h5 31. Nd4 Bc4 32. h4 g5 33. a4 Rg8 34. Nf3
gxh4 35. Bxh4 Rg4 36. Bf6 Reg8 37. Rb2 Bf4 38. b5 a5 39. Nd4 Be3 40. Nxe6 d4
41. Nc7+ Kb8 42. e6 Kxc7 43. Rc2 Kd6 44. Rxc4 Kxe6 45. Rcxd4 Kxf6 46. Rd6+ Kg5
47. R6d5+ Kh4 48. R5d3 Rg3 49. Rf1 R8g4 0-1

[Event "4NCL 3 South pool B"]
[Site "Reading, ENG"]
[Date "2017.11.12"]
[Round "2.64"]
[White "McKenna, Jason P"]
[Black "Onslow, Alfie"]
[Result "1/2-1/2"]
[WhiteElo "2101"]
[BlackElo "2117"]
[PlyCount "62"]
[EventDate "2017.11.12"]
[WhiteTeam "Oxford 2"]
[BlackTeam "Brown Jack 1"]

1. e4 c5 2. Nf3 e6 3. d4 cxd4 4. Nxd4 Nc6 5. Nc3 Qc7 6. Be2 a6 7. O-O Nf6 8.
Be3 Bb4 9. Nxc6 bxc6 10. f4 Bxc3 11. bxc3 Nxe4 12. Bf3 Nd6 13. Rb1 Nb5 14. c4
Nc3 15. Qd4 Nxb1 16. Qxg7 Rf8 17. f5 Bb7 18. fxe6 dxe6 19. Rxb1 O-O-O 20. Bb6
Qf4 21. Bxd8 Rxd8 22. Qxh7 Rd4 23. Qh8+ Rd8 24. Qb2 Rd7 25. Qb6 Qxc4 26. Qb3
Qf4 27. g3 Qe5 28. Bg2 Qe2 29. Bf1 Qh5 30. Bg2 Qe2 31. Rf1 Qe5 1/2-1/2

[Event "4NCL 3 South pool B"]
[Site "Reading, ENG"]
[Date "2017.11.12"]
[Round "2.65"]
[White "Martin, Lewis"]
[Black "Pozimski, Szymon"]
[Result "1/2-1/2"]
[WhiteElo "2068"]
[BlackElo "1987"]
[PlyCount "88"]
[EventDate "2017.11.12"]
[WhiteTeam "Brown Jack 1"]
[BlackTeam "Oxford 2"]

1. d4 Nf6 2. c4 e6 3. Nf3 d5 4. Nc3 dxc4 5. Bg5 c5 6. e3 a6 7. a4 Nc6 8. Bxc4
Be7 9. O-O cxd4 10. exd4 O-O 11. Qd2 Bd7 12. Rad1 Nb4 13. Ne5 Nbd5 14. Bxf6
Nxf6 15. d5 exd5 16. Bxd5 Nxd5 17. Qxd5 Bc8 18. Qe4 Qe8 19. Rfe1 Bf6 20. Qd5
Be6 21. Qc5 Qe7 22. Nd5 Qd8 23. Nxf6+ Qxf6 24. Qb6 Rab8 25. Nd7 Bxd7 26. Qxf6
gxf6 27. Rxd7 Rfd8 28. Ree7 Rxd7 29. Rxd7 Rc8 30. g4 Rc4 31. h3 Rb4 32. Kg2
Rxb2 33. Kg3 Kg7 34. Rd5 Rb4 35. Rd7 Rxa4 36. Rxb7 Ra3+ 37. Kh4 a5 38. Rb5 a4
39. Ra5 Ra1 40. Kg3 a3 41. Kf4 Kg6 42. h4 a2 43. h5+ Kg7 44. Kf5 h6 1/2-1/2

[Event "4NCL 3 South pool B"]
[Site "Reading, ENG"]
[Date "2017.11.12"]
[Round "2.66"]
[White "Starkie, Ray J"]
[Black "Tucker, David S"]
[Result "0-1"]
[WhiteElo "2005"]
[BlackElo "2080"]
[PlyCount "108"]
[EventDate "2017.11.12"]
[WhiteTeam "Oxford 2"]
[BlackTeam "Brown Jack 1"]

1. d4 c5 2. d5 d6 3. Nc3 Nf6 4. Nf3 g6 5. e4 Bg7 6. Bb5+ Bd7 7. a4 Bxb5 8. axb5
Nbd7 9. Qe2 O-O 10. h3 Qc7 11. O-O Nb6 12. Bf4 Nh5 13. Bd2 e5 14. Ra2 h6 15.
Nh2 f5 16. Rfa1 Nf4 17. Bxf4 exf4 18. Qd3 Rae8 19. f3 c4 20. Qd2 Qc5+ 21. Kh1
Bxc3 22. Qxc3 fxe4 23. fxe4 Rxe4 24. Ng4 Nxd5 25. Qa3 h5 26. Qxc5 dxc5 27. Nh2
a6 28. bxa6 Nb4 29. Ra4 Nxa6 30. Nf3 Nb4 31. c3 Nd3 32. Rb1 Rfe8 33. Ra7 R8e7
34. b3 Ne1 35. bxc4 Nxf3 36. gxf3 Re1+ 37. Rxe1 Rxe1+ 38. Kg2 Re2+ 39. Kg1 Rb2
40. Ra5 b6 41. Ra7 Rb3 42. Rb7 Rxc3 43. Rxb6 Kg7 44. Kf2 Rxc4 45. Ke2 Rc3 46.
Rc6 h4 47. Rb6 Kh6 48. Rc6 Re3+ 49. Kf2 Re5 50. Kf1 Kg5 51. Kf2 Kf5 52. Kf1 g5
53. Kf2 Rd5 54. Ke2 Ke5 0-1

[Event "4NCL 3 South pool B"]
[Site "Reading, ENG"]
[Date "2017.11.12"]
[Round "2.71"]
[White "Josse, Mark"]
[Black "Tippleston, Charles E"]
[Result "1-0"]
[WhiteElo "2152"]
[BlackElo "2080"]
[PlyCount "141"]
[EventDate "2017.11.12"]
[WhiteTeam "The Rookies"]
[BlackTeam "MK Phoenix 1"]

1. c4 e5 2. Nc3 Nf6 3. Nf3 Nc6 4. d4 exd4 5. Nxd4 Bb4 6. Bg5 h6 7. Bh4 O-O 8.
e3 Re8 9. Nxc6 bxc6 10. Bd3 Be7 11. O-O d6 12. Qc2 Ng4 13. Bg3 Bf6 14. Rad1 Qe7
15. Rfe1 Rb8 16. h3 Ne5 17. Bf1 Nd7 18. Na4 c5 19. Nc3 Nb6 20. b3 a5 21. Be2
Bb7 22. a4 Bc6 23. Qd2 Red8 24. Rb1 Ra8 25. Rec1 Be5 26. Bxe5 Qxe5 27. Qd1 Qf6
28. Nb5 Rd7 29. Bf1 Re7 30. Qd2 h5 31. Qd1 g6 32. Be2 Kg7 33. Bf3 Bxf3 34. Qxf3
Qxf3 35. gxf3 Rd7 36. Rd1 Nc8 37. Rd3 Kf8 38. f4 c6 39. Nc3 Ke7 40. e4 Nb6 41.
Re1 Rad8 42. Kg2 f6 43. Kg3 Kf7 44. Red1 Ke7 45. Kh4 Rb7 46. e5 fxe5 47. fxe5
Nd7 48. exd6+ Kf7 49. Ne4 Re8 50. Re3 Kg7 51. Rde1 Rf8 52. Kg3 Rfb8 53. Nd2 Kh6
54. f4 Rf8 55. R1e2 Rf6 56. Re6 Rxe6 57. Rxe6 Rb8 58. Re7 Nf6 59. Rf7 Nh7 60.
h4 Nf8 61. Re7 Nh7 62. Kf3 Nf6 63. Rf7 Ng4 64. Ke4 Rd8 65. d7 Rxd7 66. Rxd7
Nf6+ 67. Ke5 Nxd7+ 68. Kd6 Nf8 69. Nf3 Kg7 70. Ke7 Nh7 71. Ng5 1-0

[Event "4NCL 3 South pool B"]
[Site "Reading, ENG"]
[Date "2017.11.12"]
[Round "2.72"]
[White "Fraser-Mitchell, Jeremy N"]
[Black "Byron, Alan M"]
[Result "0-1"]
[WhiteElo "2080"]
[BlackElo "2082"]
[PlyCount "58"]
[EventDate "2017.11.12"]
[WhiteTeam "MK Phoenix 1"]
[BlackTeam "The Rookies"]

1. d4 Nf6 2. c4 g6 3. Nc3 Bg7 4. e4 d6 5. f3 O-O 6. Bg5 c5 7. d5 e6 8. Qd2 exd5
9. cxd5 a6 10. a4 Re8 11. Bd3 Qa5 12. Ra3 Nbd7 13. Nge2 Ne5 14. O-O Qb4 15. Rb1
Bd7 16. Nc1 b5 17. axb5 c4 18. Bf1 axb5 19. Rba1 Rxa3 20. Rxa3 Qc5+ 21. Be3 Bh6
22. Nd1 b4 23. Ra1 c3 24. bxc3 bxc3 25. Qf2 c2 26. Bxc5 cxd1=Q 27. Ba3 Neg4 28.
fxg4 Nxg4 29. Qe2 Qd4+ 0-1

[Event "4NCL 3 South pool B"]
[Site "Reading, ENG"]
[Date "2017.11.12"]
[Round "2.73"]
[White "Piper, Stephen J"]
[Black "Smith, Graham"]
[Result "0-1"]
[WhiteElo "2075"]
[BlackElo "2026"]
[PlyCount "68"]
[EventDate "2017.11.12"]
[WhiteTeam "The Rookies"]
[BlackTeam "MK Phoenix 1"]

1. c4 Nc6 2. Nc3 e5 3. g3 f5 4. d3 Bb4 5. Bd2 Nf6 6. Bg2 O-O 7. e3 d6 8. Nge2
Ne7 9. O-O c6 10. a3 Ba5 11. b4 Bc7 12. e4 Be6 13. Rc1 fxe4 14. Nxe4 Nxe4 15.
dxe4 a5 16. Be3 axb4 17. axb4 Qd7 18. Qd3 b5 19. cxb5 cxb5 20. Rfe1 Bc4 21. Qb1
Ra3 22. Nc3 Rfa8 23. Bg5 Nc6 24. Nd5 Rb3 25. Qc2 Nd4 26. Qd1 Bxd5 27. exd5 Bb6
28. Rc6 Rb8 29. Qh5 g6 30. Qh6 Nf5 31. Qh3 Bxf2+ 32. Kxf2 Qa7+ 33. Kf1 Rf8 34.
Be4 Nxg3+ 0-1

[Event "4NCL 3 South pool B"]
[Site "Reading, ENG"]
[Date "2017.11.12"]
[Round "2.74"]
[White "Freeman, Richard C P"]
[Black "Compton, Alistair"]
[Result "1/2-1/2"]
[WhiteElo "2009"]
[BlackElo "2078"]
[PlyCount "52"]
[EventDate "2017.11.12"]
[WhiteTeam "MK Phoenix 1"]
[BlackTeam "The Rookies"]

1. d4 e6 2. Bf4 d5 3. e3 Bd6 4. Bg3 Nc6 5. Nf3 Nf6 6. Ne5 Bxe5 7. Bxe5 Nxe5 8.
dxe5 Nd7 9. f4 O-O 10. Bd3 Qh4+ 11. g3 Qh3 12. Nd2 f6 13. exf6 Nxf6 14. Nf3 Bd7
15. Qe2 h6 16. Ne5 Be8 17. g4 Qh4+ 18. Qf2 Qxf2+ 19. Kxf2 c5 20. c3 Nd7 21.
Nxd7 Bxd7 22. Kg3 e5 23. Rad1 Bc6 24. Rhf1 exf4+ 25. exf4 Rae8 26. Rfe1 Kf7
1/2-1/2

[Event "4NCL 3 South pool B"]
[Site "Reading, ENG"]
[Date "2017.11.12"]
[Round "2.75"]
[White "Jaszkiwskyj, Peter"]
[Black "Habershon, Paul F"]
[Result "1/2-1/2"]
[WhiteElo "1936"]
[BlackElo "1999"]
[PlyCount "68"]
[EventDate "2017.11.12"]
[WhiteTeam "The Rookies"]
[BlackTeam "MK Phoenix 1"]

1. d4 Nf6 2. c4 e6 3. Nf3 b6 4. g3 Bb7 5. Bg2 Be7 6. O-O O-O 7. Nc3 d5 8. b3
Nbd7 9. Bb2 c5 10. e3 Rc8 11. cxd5 Nxd5 12. Rc1 Ba6 13. Re1 Nxc3 14. Bxc3 cxd4
15. Qxd4 Bf6 16. Qd2 Bxc3 17. Rxc3 Nc5 18. Qc2 Qf6 19. Rc1 h6 20. Nd4 e5 21.
Nc6 Bb7 22. Nxa7 Bxg2 23. Kxg2 Ra8 24. b4 Rxa7 25. bxc5 bxc5 26. Rxc5 e4 27. a4
Qf3+ 28. Kg1 Rd8 29. Rc8 Rxc8 30. Qxc8+ Kh7 31. Qc6 Ra5 32. Ra1 h5 33. Qc1 h4
34. Qd1 Qxd1+ 1/2-1/2

[Event "4NCL 3 South pool B"]
[Site "Reading, ENG"]
[Date "2017.11.12"]
[Round "2.76"]
[White "Elwin, Adrian G"]
[Black "Gibson, Christopher A"]
[Result "1-0"]
[WhiteElo "1996"]
[BlackElo "1932"]
[PlyCount "71"]
[EventDate "2017.11.12"]
[WhiteTeam "MK Phoenix 1"]
[BlackTeam "The Rookies"]

1. d4 Nf6 2. c4 g6 3. Nc3 Bg7 4. e4 d6 5. Be2 O-O 6. Nf3 e5 7. dxe5 dxe5 8.
Qxd8 Rxd8 9. Bg5 Re8 10. O-O-O Na6 11. Nd2 c6 12. h3 Nc5 13. Be3 Ne6 14. g3 Nd4
15. Bf1 b6 16. Nb3 c5 17. Nd5 Rd8 18. Bg2 Bb7 19. Rhe1 Kf8 20. Bg5 Rd6 21. f4
Ng8 22. fxe5 Bxe5 23. Bf4 Nc6 24. Nd2 Rd7 25. Nf3 Bg7 26. e5 h6 27. e6 fxe6 28.
Rxe6 Re8 29. Rxe8+ Kxe8 30. Re1+ Kf7 31. h4 Nge7 32. Bh3 Nf5 33. h5 Rd8 34.
hxg6+ Kxg6 35. Re6+ Kf7 36. Bxf5 1-0

[Event "4NCL 3 South pool B"]
[Site "Reading, ENG"]
[Date "2017.11.12"]
[Round "2.82"]
[White "Howell, Chris I"]
[Black "Okhai, Shabir"]
[Result "0-1"]
[WhiteElo "1967"]
[BlackElo "2075"]
[PlyCount "54"]
[EventDate "2017.11.12"]
[WhiteTeam "Sussex Martlets 2"]
[BlackTeam "Fermented Sharks"]

1. e4 e5 2. Nf3 Nc6 3. Bc4 Bc5 4. b4 Bxb4 5. c3 Be7 6. d4 Na5 7. Bd3 d6 8. dxe5
dxe5 9. Nxe5 Nf6 10. O-O O-O 11. Qa4 c5 12. Rd1 Qc7 13. f4 c4 14. Bc2 a6 15.
Ba3 b5 16. Qxa5 Qxa5 17. Bxe7 Qb6+ 18. Rd4 Re8 19. Ba3 Bb7 20. Nd2 Rad8 21. Bb2
Nxe4 22. Nxe4 f6 23. Nf2 fxe5 24. fxe5 Rxe5 25. Kf1 Rde8 26. Ba4 Qe6 27. Rad1
Re2 0-1

[Event "4NCL 3 South pool B"]
[Site "Reading, ENG"]
[Date "2017.11.12"]
[Round "2.83"]
[White "Agnew, Alan"]
[Black "Batchelor, Paul A"]
[Result "1/2-1/2"]
[WhiteElo "2108"]
[BlackElo "1952"]
[PlyCount "123"]
[EventDate "2017.11.12"]
[WhiteTeam "Fermented Sharks"]
[BlackTeam "Sussex Martlets 2"]

1. d4 Nf6 2. Nf3 e6 3. c4 b6 4. g3 Bb7 5. Bg2 Be7 6. O-O O-O 7. Nc3 Ne4 8. Qc2
Nxc3 9. Qxc3 c5 10. e3 d6 11. b3 Bf6 12. Bb2 Qe7 13. Rfe1 Rd8 14. Qc2 g6 15.
Rad1 Na6 16. e4 e5 17. d5 Nb8 18. Rf1 Bg7 19. Ne1 Bc8 20. Nd3 Na6 21. f4 f6 22.
Rde1 Bd7 23. a4 Rf8 24. Bc3 Rac8 25. Rf2 Kh8 26. Qe2 Nc7 27. Qf1 a5 28. Bh3 Kg8
29. Bxd7 Qxd7 30. f5 g5 31. g4 Rce8 32. Rf3 Qf7 33. Rh3 Na6 34. Rh5 Nb8 35. h4
h6 36. Bd2 Qe7 37. Re2 Nd7 38. Rh2 Kf7 39. Ne1 Rh8 40. Nf3 Reg8 41. Kf2 Qf8 42.
Ng1 Ke7 43. Ne2 Kd8 44. Nc3 Nb8 45. Nb5 Kd7 46. Ke2 Qd8 47. hxg5 hxg5 48. Rh7
Rxh7 49. Rxh7 Qf8 50. Bxg5 Rh8 51. Rxh8 Qxh8 52. Be3 Qh2+ 53. Kf3 Bh6 54. Bxh6
Qxh6 55. Kg3 Na6 56. Nc3 Nb4 57. Ne2 Qd2 58. Qh1 Qxe2 59. Qh7+ Kc8 60. Qg8+ Kb7
61. Qf7+ Ka8 62. Qe8+ 1/2-1/2

[Event "4NCL 3 South pool B"]
[Site "Reading, ENG"]
[Date "2017.11.12"]
[Round "2.84"]
[White "Samworth-Calvier, Juju"]
[Black "Niccoli, Tony"]
[Result "0-1"]
[WhiteElo "1847"]
[BlackElo "2030"]
[PlyCount "92"]
[EventDate "2017.11.12"]
[WhiteTeam "Sussex Martlets 2"]
[BlackTeam "Fermented Sharks"]

1. e4 e5 2. Nf3 Nc6 3. Bb5 a6 4. Ba4 Nf6 5. O-O b5 6. Bb3 Be7 7. Re1 d6 8. c3
O-O 9. h3 Nb8 10. d4 Nbd7 11. Nbd2 Bb7 12. Bc2 Re8 13. Nf1 Bf8 14. Ng3 g6 15.
Bg5 h6 16. Bd2 c5 17. a4 exd4 18. cxd4 Bg7 19. Bf4 Qb6 20. a5 Qc6 21. e5 Nd5
22. Be4 dxe5 23. Bxe5 Nxe5 24. dxe5 Rad8 25. Rc1 Bxe5 26. Nxe5 Rxe5 27. Qd2 Kg7
28. Qc2 f5 29. f4 Rxe4 30. Nxe4 fxe4 31. Qxe4 Rf8 32. Qe5+ Qf6 33. Rxc5 Qxe5
34. fxe5 Kf7 35. Rc2 Ke6 36. g4 Rf3 37. Rf2 Rxh3 38. Rf8 Rg3+ 39. Kf2 Rxg4 40.
Re8+ Ne7 41. Rb8 Bc8 42. Rb6+ Kd5 43. Rd6+ Kc5 44. b3 Kb4 45. Kf3 Rh4 46. Kg3
Nf5+ 0-1

[Event "4NCL 3 South pool B"]
[Site "Reading, ENG"]
[Date "2017.11.12"]
[Round "2.85"]
[White "George, Matthew P"]
[Black "Graham, William M"]
[Result "0-1"]
[WhiteElo "2021"]
[BlackElo "1886"]
[PlyCount "62"]
[EventDate "2017.11.12"]
[WhiteTeam "Fermented Sharks"]
[BlackTeam "Sussex Martlets 2"]

1. b3 e6 2. Bb2 d5 3. e3 Nf6 4. Nf3 Nc6 5. Bb5 Bd7 6. O-O Bd6 7. d4 a6 8. Bd3
O-O 9. Nbd2 Re8 10. Ne5 Nb4 11. Be2 c5 12. a3 Nc6 13. f4 Qb6 14. Ndf3 Rac8 15.
Kh1 Rc7 16. Rb1 Rec8 17. Bd3 Be8 18. Nxc6 Rxc6 19. Ne5 R6c7 20. a4 c4 21. bxc4
dxc4 22. Ba3 cxd3 23. Rxb6 dxc2 24. Qa1 Bxa3 25. Rc1 Bxc1 26. Qxc1 Nd5 27. Rb3
Bxa4 28. Ra3 Bb5 29. h3 Rc3 30. Rxc3 Rxc3 31. Kh2 Nb4 0-1

[Event "4NCL 3 South pool B"]
[Site "Reading, ENG"]
[Date "2017.11.12"]
[Round "2.86"]
[White "Howell, Matthew G"]
[Black "Dydak, Mateusz"]
[Result "0-1"]
[WhiteElo "1795"]
[BlackElo "1898"]
[PlyCount "94"]
[EventDate "2017.11.12"]
[WhiteTeam "Sussex Martlets 2"]
[BlackTeam "Fermented Sharks"]

1. e4 e6 2. d4 d5 3. e5 c5 4. c3 Bd7 5. Nf3 Qb6 6. a3 Bb5 7. Be2 Nc6 8. O-O a5
9. Nbd2 Bxe2 10. Qxe2 c4 11. Re1 a4 12. Nf1 h6 13. h4 Na5 14. Bf4 Ne7 15. Ng3
O-O-O 16. Rab1 Nec6 17. Nh5 Nb3 18. Nd2 Nca5 19. Nxb3 cxb3 20. Qg4 g6 21. Nf6
Be7 22. Red1 Qc6 23. Qe2 Nc4 24. g3 Bxf6 25. exf6 Rdg8 26. g4 g5 27. hxg5 hxg5
28. Bg3 Rg6 29. Qf3 Rh3 30. Kg2 Rgh6 31. Qe2 Qe8 32. Rg1 Qh8 33. Be5 Qh7 34.
Rbc1 Qg6 35. Rh1 Rxh1 36. Rxh1 Rxh1 37. Kxh1 Qe4+ 38. Qxe4 dxe4 39. d5 exd5 40.
f4 exf3 41. Bd4 Nxb2 42. c4 Nxc4 43. Kg1 b2 44. Bxb2 Nxb2 45. Kf2 Nc4 46. Kxf3
Nxa3 47. Ke3 Nb5 0-1